Ebonite battery containers (Record no. 74532)

MARC details
000 -LEADER
fixed length control field 00305nam a2200109Ia 4500
100 ## - MAIN ENTRY--AUTHOR NAME
Personal name Cyriac Mattam
245 #0 - TITLE STATEMENT
Title Ebonite battery containers
260 ## - PUBLICATION, DISTRIBUTION, ETC. (IMPRINT)
Name of publisher Cochin University of Science and Technology
Place of publication Kochi
Year of publication 1975
500 ## - GENERAL NOTE
General note Course: B.Tech
942 ## - ADDED ENTRY ELEMENTS (KOHA)
Koha item type Theses
Holdings
Withdrawn status Lost status Damaged status Not for loan Collection code Home library Current library Shelving location Date acquired Koha item type
      Theses Dissertation RRII Library RRII Library Rubber technology 31/12/2021 Theses